000
00460nam a2200145Ia 4500
008
100204s9999 xx 000 0 und d
082
_b
9975
100
_a
रायकर प्रतिभा
245
_a
प्रीतगोजिरी
260
_b
"प्रिया प्रकाशन, मुंबई"
_c
1987
300
_a
196
630
_a
प्रीतगोजिरी
730
_a
प्रीतगोजिरी
942
_c
BOOK
999
_c
454411
_d
454408